East Sussex Places - Sudden Death - Statistics

General Stats
  • This quiz has been taken 54 times
  • The average score is 8 of 12
Answers on the Grid
Answers color-coded by a green-red scale on the quiz's grid according to % correct below.
Ashford
Bexhill
Chichester
Clacton-on-Sea
Cleethorpes
Crowborough
Eastbourne
Hailsham
Hastings
Heathfield
Horsham
Leighton Buzzard
Lewes
Matlock
Newhaven
Newquay
Portsmouth
Rochdale
Rye
Seaford
Shoreham-by-Sea
Uckfield
Wadhurst
Wolverhampton
 
Answer Stats
Answer % Correct
Hastings
84%
Eastbourne
78%
Lewes
78%
Bexhill
73%
Rye
73%
Newhaven
65%
Hailsham
57%
Uckfield
57%
Crowborough
54%
Heathfield
54%
Seaford
51%
Wadhurst
41%
No matching quizzes found
Score Distribution
Percent of People with Each Score
Percentile by Number Answered
Your Score History
You have not taken this quiz